[Event "Warsaw Szansa rapid op"]
[Site "Warsaw"]
[Date "2023.09.17"]
[Round "3"]
[White "Kowalski, Igor"]
[Black "Slomczewski, Michal"]
[Result "1-0"]
[WhiteElo "2375"]
[BlackElo "2106"]
[PlyCount "67"]
[EventDate "2023.09.17"]
[EventType "swiss (rapid)"]
[EventRounds "9"]
[EventCountry "POL"]
[SourceTitle "EXT 2024"]
[Source "ChessBase"]
[SourceDate "2023.10.10"]
[SourceVersion "1"]
[SourceVersionDate "2023.10.10"]
[SourceQuality "1"]

1. Nf3 c5 2. e4 e6 3. g3 Nc6 4. Bg2 d6 5. 0-0 Nf6 6. Qe2 Be7 7. Rd1 0-0 8. d4 cxd4 9. Nxd4 e5 10. Nb3 Qc7 11. Nc3 a6 12. Bg5 Bg4 13. Bf3 Be6 14. Rd2 Bxb3 15. axb3 Nd4 16. Qd3 Rfe8 17. Bd1 h6 18. Bxf6 Bxf6 19. Nd5 Qd8 20. c3 Nb5 21. b4 Bg5 22. f4 exf4 23. gxf4 Bh4 24. Bb3 Kh8 25. Kh1 Re6 26. Ne3 Rf6 27. Nf5 Rxf5 28. exf5 Bf6 29. Bxf7 Qe7 30. Bg6 Rd8 31. Re2 Qd7 32. Rae1 Nc7 33. Qc4 d5 34. Qxc7 1-0

[Event "Warsaw Szansa blitz op"]
[Site "Warsaw"]
[Date "2023.09.16"]
[Round "13"]
[White "Slomczewski, Michal"]
[Black "Eggink, Ryszard"]
[Result "0-1"]
[WhiteElo "2106"]
[BlackElo "2386"]
[PlyCount "70"]
[EventDate "2023.09.16"]
[EventType "swiss (blitz)"]
[EventRounds "13"]
[EventCountry "POL"]
[SourceTitle "EXT 2024"]
[Source "ChessBase"]
[SourceDate "2023.10.10"]
[SourceVersion "1"]
[SourceVersionDate "2023.10.10"]
[SourceQuality "1"]

1. e4 c5 2. Nf3 d6 3. Bc4 e6 4. d3 Nc6 5. 0-0 g6 6. Bg5 Qc7 7. Re1 Bg7 8. c3 h6 9. Bh4 Nf6 10. h3 Nh5 11. Nh2 Nf4 12. Bg3 g5 13. Bxf4 gxf4 14. Qh5 Ne5 15. Bb5+ Bd7 16. Bxd7+ Qxd7 17. Rd1 Qb5 18. Qe2 0-0-0 19. a4 Qc6 20. Nf3 Ng6 21. d4 d5 22. Nbd2 Kb8 23. c4 dxe4 24. Nxe4 cxd4 25. Rab1 f5 26. Ned2 e5 27. b4 e4 28. Ne1 d3 29. Qh5 Qf6 30. Nf1 Qg5 31. Qxg5 hxg5 32. c5 Bd4 33. Rb3 g4 34. Nd2 g3 35. Kf1 gxf2 0-1

[Event "Warsaw Najdorf Memorial op-A"]
[Site "Warsaw"]
[Date "2023.07.18"]
[Round "8"]
[White "Slomczewski, Michal"]
[Black "Mueller, Magnus"]
[Result "1-0"]
[WhiteElo "2101"]
[BlackElo "2201"]
[PlyCount "69"]
[EventDate "2023.07.11"]
[EventType "swiss"]
[EventRounds "9"]
[EventCountry "POL"]
[SourceTitle "EXT 2024"]
[Source "ChessBase"]
[SourceDate "2023.10.10"]
[SourceVersion "1"]
[SourceVersionDate "2023.10.10"]
[SourceQuality "1"]

1. e4 c6 2. d4 d5 3. exd5 cxd5 4. c4 Nf6 5. Nc3 Nc6 6. Nf3 a6 7. c5 g6 8. Be2 Bg7 9. 0-0 0-0 10. a3 Ne4 11. Na4 Bg4 12. Nb6 Ra7 13. Be3 f5 14. g3 e6 15. Kg2 g5 16. Ng1 Bxe2 17. Nxe2 f4 18. f3 Nxc5 19. dxc5 fxe3 20. Qb3 Qe7 21. Qxe3 d4 22. Qe4 Rf5 23. Nc8 Qd7 24. Nxa7 Nxa7 25. f4 Rxc5 26. fxg5 Re5 27. Qg4 Qd5+ 28. Kh3 Rxg5 29. Nf4 Rxg4 30. Nxd5 Re4 31. Ne7+ Kh8 32. Rac1 Nc6 33. Nxc6 bxc6 34. Rxc6 d3 35. Rc8+ 1-0

[Event "Warsaw Najdorf Memorial op-A"]
[Site "Warsaw"]
[Date "2023.07.17"]
[Round "7"]
[White "Wojtaszewski, Piotr"]
[Black "Slomczewski, Michal"]
[Result "1/2-1/2"]
[WhiteElo "1994"]
[BlackElo "2101"]
[PlyCount "157"]
[EventDate "2023.07.11"]
[EventType "swiss"]
[EventRounds "9"]
[EventCountry "POL"]
[SourceTitle "EXT 2024"]
[Source "ChessBase"]
[SourceDate "2023.10.10"]
[SourceVersion "1"]
[SourceVersionDate "2023.10.10"]
[SourceQuality "1"]

1. c4 e5 2. g3 Nf6 3. Bg2 Nc6 4. e3 Bc5 5. Ne2 d5 6. cxd5 Nxd5 7. a3 a5 8. 0-0 0-0 9. d4 exd4 10. exd4 Bb6 11. Nbc3 Be6 12. Na4 Qd6 13. Nxb6 Nxb6 14. Nf4 Bc4 15. Re1 a4 16. Be3 Rad8 17. d5 Nxd5 18. Nxd5 Bxd5 19. Bf4 Qc5 20. Qxa4 b5 21. b4 Qc4 22. Bxd5 Rxd5 23. Qa6 Nd4 24. Qb7 Nf3+ 25. Kg2 Nxe1+ 26. Rxe1 c6 27. Qe7 Rd3 28. Re5 Rd1 29. Rg5 Qe6 30. Re5 Qxe7 31. Rxe7 Rd3 32. Ra7 h6 33. Be3 g5 34. Bc5 Re8 35. h3 Kg7 36. a4 bxa4 37. Rxa4 h5 38. Ra5 Rb3 39. Bd4+ Kg6 40. Rc5 Re6 41. Rc4 f5 42. Be3 Rd3 43. Kf3 Kf6 44. Ke2 Rd5 45. Kf3 g4+ 46. hxg4 hxg4+ 47. Ke2 Ke7 48. Rc1 Kd7 49. Rh1 Rb5 50. Rh5 f4 51. Rh7+ Re7 52. Rxe7+ Kxe7 53. gxf4 Ke6 54. Bc5 Kf5 55. f3 g3 56. Kf1 Rb7 57. Kg2 Rg7 58. Bd6 Ke6 59. Bc5 Rg8 60. Bd4 Kf5 61. Be5 Ra8 62. Kxg3 Ra2 63. Bd6 Rb2 64. Bc5 Rd2 65. Be3 Rd3 66. Bc5 Rc3 67. Bd6 Rc4 68. Bc5 Rxf4 69. Bd6 Rc4 70. Bc5 Ke5 71. Be7 Kd4 72. Bc5+ Rxc5 73. bxc5 Kxc5 74. Kf2 Kd4 75. Ke2 c5 76. Kd2 c4 77. Kc2 Ke3 78. Kc3 Kxf3 79. Kxc4 1/2-1/2

[Event "Warsaw Szansa op"]
[Site "Warsaw"]
[Date "2022.09.17"]
[Round "6"]
[White "Slomczewski, Michal"]
[Black "Nguyen, Piotr"]
[Result "0-1"]
[WhiteElo "2108"]
[BlackElo "2421"]
[PlyCount "58"]
[EventDate "2022.09.17"]
[EventType "swiss (rapid)"]
[EventRounds "11"]
[EventCountry "POL"]
[SourceTitle "EXT 2023"]
[Source "ChessBase"]
[SourceDate "2022.10.05"]
[SourceVersion "1"]
[SourceVersionDate "2022.10.05"]
[SourceQuality "1"]

1. e4 g6 2. Nf3 Bg7 3. Bc4 e6 4. 0-0 d5 5. exd5 exd5 6. Bb3 c5 7. d4 cxd4 8. Re1+ Ne7 9. Bg5 Nbc6 10. Nxd4 f6 11. Bf4 0-0 12. Nc3 Kh8 13. Ncb5 Ne5 14. Bg3 a6 15. Nc3 b5 16. Qd2 Ra7 17. Nxd5 Rd7 18. Nxe7 Rxd4 19. Qc3 Bb7 20. f4 Nc4 21. f5 Rd7 22. Bxc4 bxc4 23. Qe3 Rf7 24. Bd6 Rxd6 25. fxg6 Rf8 26. gxh7 f5 27. Qg5 Qb6+ 28. Kh1 Rh6 29. Nxf5 Rg6 0-1

[Event "POL Cup op rapid"]
[Site "Lodz"]
[Date "2021.08.07"]
[Round "6"]
[White "Socko, Monika"]
[Black "Slomczewski, Michal"]
[Result "1-0"]
[WhiteElo "2393"]
[BlackElo "2108"]
[PlyCount "93"]
[EventDate "2021.08.07"]
[EventType "swiss (rapid)"]
[EventRounds "9"]
[EventCountry "POL"]
[SourceTitle "CBM 203 Extra"]
[Source "ChessBase"]
[SourceDate "2021.09.30"]
[SourceVersion "1"]
[SourceVersionDate "2021.09.30"]
[SourceQuality "1"]

1. d4 Nf6 2. c4 c5 3. d5 b5 4. cxb5 a6 5. bxa6 e6 6. Nc3 Bxa6 7. e4 d6 8. Bxa6 Nxa6 9. dxe6 fxe6 10. Nf3 Qc7 11. 0-0 Be7 12. Ng5 Qd7 13. Qa4 Nc7 14. Qxd7+ Kxd7 15. Rd1 Kc6 16. Bf4 Rhf8 17. Bg3 Nh5 18. Nf3 Nxg3 19. hxg3 Bf6 20. Rd2 d5 21. exd5+ exd5 22. Rc1 Rfe8 23. a3 g5 24. g4 h5 25. Ne2 hxg4 26. Nh2 Re4 27. Ng3 Rd4 28. Rxd4 Bxd4 29. Rc2 Rb8 30. b4 c4 31. Nxg4 Nb5 32. Nf5 Bh8 33. a4 Na3 34. b5+ Kc5 35. Ra2 Kb4 36. Nge3 Kb3 37. Rd2 c3 38. Rxd5 Rc8 39. a5 c2 40. Nxc2 Nxc2 41. b6 Nb4 42. b7 Rb8 43. Rb5 Ka4 44. Rxb4+ Kxb4 45. a6 Be5 46. a7 Rd8 47. g3 1-0

[Event "Rubinstein Memorial-A 55th"]
[Site "Polanica Zdroj"]
[Date "2019.08.20"]
[Round "4"]
[White "Stachecki, Mikolaj"]
[Black "Slomczewski, Michal"]
[Result "0-1"]
[WhiteElo "1765"]
[BlackElo "2115"]
[PlyCount "68"]
[EventDate "2019.08.17"]
[EventType "swiss"]
[EventRounds "9"]
[EventCountry "POL"]
[SourceTitle "EXT 2020"]
[Source "ChessBase"]
[SourceDate "2019.10.17"]
[SourceVersion "1"]
[SourceVersionDate "2019.10.17"]
[SourceQuality "1"]

1. e4 c5 2. Nf3 e6 3. d4 cxd4 4. Nxd4 Nc6 5. Nb5 d6 6. c4 Nf6 7. N1c3 a6 8. Na3 b6 9. Be2 Bb7 10. Be3 Ne5 11. Qd4 Ned7 12. f3 Be7 13. 0-0 0-0 14. Rfe1 Rc8 15. Rac1 Qc7 16. Nab1 Qb8 17. a3 Bd8 18. b4 Bc7 19. Bf2 Kh8 20. Red1 g5 21. Bg3 Ne5 22. Qe3 Rg8 23. b5 a5 24. Na4 Ned7 25. Nbc3 Nh5 26. f4 gxf4 27. Bxf4 Nxf4 28. Qxf4 Rg7 29. g3 Rcg8 30. Qf2 Nc5 31. Nxc5 dxc5 32. Rd3 Be5 33. Kg2 Bd4 34. Qf3 f5 0-1

[Event "Rubinstein Memorial-C 53rd"]
[Site "Polanica Zdroj"]
[Date "2017.08.25"]
[Round "7"]
[White "Lanica, Lukasz"]
[Black "Slomczewski, Michal"]
[Result "0-1"]
[WhiteElo "1773"]
[BlackElo "1956"]
[PlyCount "50"]
[EventDate "2017.08.19"]
[EventType "swiss"]
[EventRounds "9"]
[EventCountry "POL"]
[SourceTitle "CBM 180 Extra"]
[Source "ChessBase"]
[SourceDate "2017.10.06"]
[SourceVersion "1"]
[SourceVersionDate "2017.10.06"]
[SourceQuality "1"]

1. f4 g6 2. Nf3 d5 3. e3 Bg7 4. Be2 Nf6 5. 0-0 0-0 6. d3 c5 7. Nbd2 Nc6 8. Qe1 Qc7 9. Qh4 b5 10. e4 dxe4 11. dxe4 c4 12. a4 Nb4 13. Bd1 Ng4 14. Ng5 h6 15. Nxf7 Qb6+ 16. Kh1 Rxf7 17. Bxg4 Bxg4 18. Qxg4 Nxc2 19. Rb1 Ne3 20. Qe2 Nxf1 21. Nxf1 e5 22. Ne3 exf4 23. Nd5 Qd4 24. Bxf4 Re8 25. Re1 Qxd5 0-1

[Event "Rubinstein Memorial-C 53rd"]
[Site "Polanica Zdroj"]
[Date "2017.08.23"]
[Round "5"]
[White "Burzak, Wojciech"]
[Black "Slomczewski, Michal"]
[Result "0-1"]
[WhiteElo "1687"]
[BlackElo "1956"]
[PlyCount "86"]
[EventDate "2017.08.19"]
[EventType "swiss"]
[EventRounds "9"]
[EventCountry "POL"]
[SourceTitle "CBM 180 Extra"]
[Source "ChessBase"]
[SourceDate "2017.10.06"]
[SourceVersion "1"]
[SourceVersionDate "2017.10.06"]
[SourceQuality "1"]

1. e4 c5 2. Nf3 e6 3. d4 cxd4 4. Nxd4 Nc6 5. Nb5 d6 6. c4 Nf6 7. N1c3 a6 8. Na3 b6 9. Be2 Bb7 10. 0-0 Be7 11. Be3 Ne5 12. f3 0-0 13. Qb3 Ned7 14. Rfd1 Bc6 15. Qc2 Rc8 16. Qd2 Qc7 17. Rac1 Qb8 18. Nc2 Rfe8 19. Bf4 Ne5 20. Qe1 Bb7 21. b3 d5 22. cxd5 exd5 23. Nxd5 Bxd5 24. exd5 Nxf3+ 25. Bxf3 Qxf4 26. Qf1 Bd6 27. g3 Qg5 28. Qd3 Bf4 29. Rb1 Bxg3 30. Rd2 Be5+ 31. Rg2 Qf4 32. Kh1 Rc3 33. Qxa6 Qxf3 34. Rf1 Qxd5 35. Nb4 Qa5 36. Qe2 Qxb4 37. Rxf6 Rc1+ 38. Rf1 Rxf1+ 39. Qxf1 Bc3 40. Re2 Rxe2 41. Qxe2 g6 42. Qd3 Qd4 43. Qb5 Qe4+ 0-1

[Event "Rubinstein Memorial-C 53rd"]
[Site "Polanica Zdroj"]
[Date "2017.08.22"]
[Round "4"]
[White "Slomczewski, Michal"]
[Black "Cichocka, Katarzyna"]
[Result "1-0"]
[WhiteElo "1956"]
[BlackElo "1669"]
[PlyCount "64"]
[EventDate "2017.08.19"]
[EventType "swiss"]
[EventRounds "9"]
[EventCountry "POL"]
[SourceTitle "CBM 180 Extra"]
[Source "ChessBase"]
[SourceDate "2017.10.06"]
[SourceVersion "1"]
[SourceVersionDate "2017.10.06"]
[SourceQuality "1"]

1. c4 c5 2. Nf3 Nf6 3. Nc3 Nc6 4. d4 cxd4 5. Nxd4 g6 6. e4 d6 7. Be2 Bg7 8. Be3 0-0 9. 0-0 Bd7 10. f3 Rc8 11. Qd2 a6 12. Rac1 Re8 13. Rfd1 Nxd4 14. Bxd4 Qa5 15. Qe3 Qh5 16. Qf2 Qh6 17. Be3 Qh5 18. h3 g5 19. f4 g4 20. Qg3 Qa5 21. hxg4 Bc6 22. Bd3 Nd7 23. a3 Qd8 24. Bb1 Nf8 25. Kf2 e5 26. f5 Bd7 27. Nd5 Bc6 28. Nb6 Rc7 29. c5 d5 30. exd5 Bd7 31. Be4 Qb8 32. Qh4 f6 1-0

[Event "Rubinstein Memorial-C 53rd"]
[Site "Polanica Zdroj"]
[Date "2017.08.19"]
[Round "3"]
[White "Szynalski, Bartosz"]
[Black "Slomczewski, Michal"]
[Result "1/2-1/2"]
[WhiteElo "1580"]
[BlackElo "1956"]
[PlyCount "29"]
[EventDate "2017.08.19"]
[EventType "swiss"]
[EventRounds "9"]
[EventCountry "POL"]
[SourceTitle "CBM 180 Extra"]
[Source "ChessBase"]
[SourceDate "2017.10.06"]
[SourceVersion "1"]
[SourceVersionDate "2017.10.06"]
[SourceQuality "1"]

1. e4 c6 2. d4 d5 3. Nc3 dxe4 4. Nxe4 Nf6 5. Nxf6+ gxf6 6. c3 Bf5 7. Nf3 e6 8. g3 Qb6 9. Bg2 Qa6 10. Bf1 Qb6 11. Bg2 Qa6 12. Bf1 Qb6 13. Bg2 Qa6 14. Bf1 Qb6 15. Bg2 1/2-1/2

[Event "POL-ch rapid"]
[Site "Zgierz"]
[Date "2017.01.08"]
[Round "9"]
[White "Slomczewski, Michal"]
[Black "Zgadzaj, Rafal"]
[Result "0-1"]
[WhiteElo "1859"]
[BlackElo "2178"]
[PlyCount "98"]
[EventDate "2017.01.08"]
[EventType "swiss (rapid)"]
[EventRounds "9"]
[EventCountry "POL"]
[SourceTitle "CBM 176 Extra"]
[Source "ChessBase"]
[SourceDate "2017.03.02"]
[SourceVersion "1"]
[SourceVersionDate "2017.03.02"]
[SourceQuality "1"]

1. c4 f5 2. Nc3 Nf6 3. g3 e5 4. Bg2 g6 5. e3 Bg7 6. Nge2 0-0 7. 0-0 d6 8. Rb1 a5 9. a3 Nc6 10. b4 axb4 11. axb4 e4 12. Qb3 Ne5 13. d4 exd3 14. Nf4 g5 15. c5+ d5 16. Nfxd5 Be6 17. Nxf6+ Qxf6 18. Bd5 Rfe8 19. Rd1 c6 20. Bxe6+ Qxe6 21. Qxe6+ Rxe6 22. Kg2 g4 23. e4 Nf3 24. exf5 Re2 25. Bb2 Rxb2 26. Rxb2 Bxc3 27. Rb3 Ra1 28. Rxa1 Bxa1 29. Rb1 Bc3 30. Rd1 d2 31. Kf1 Bxb4 32. Ke2 Bxc5 33. h4 Kf7 34. Kd3 Bxf2 35. Ke4 Bxg3 36. Rb1 b5 37. Ra1 Ne1 38. Rd1 Nf3 39. Ra1 Kf6 40. h5 h6 41. Rd1 b4 42. Rb1 b3 43. Ra1 b2 44. Rb1 c5 45. Kd5 Kxf5 46. Kc4 Ke4 47. Kc3 Ke3 48. Kc2 Ke2 49. Kxb2 d1Q 0-1

[Event "EU-ch U16 26th"]
[Site "Prague"]
[Date "2016.08.24"]
[Round "6"]
[White "Slomczewski, Michal"]
[Black "Pantzar, Milton"]
[Result "1-0"]
[WhiteElo "1920"]
[BlackElo "2135"]
[PlyCount "87"]
[EventDate "2016.08.18"]
[EventType "swiss"]
[EventRounds "9"]
[EventCountry "CZE"]
[SourceTitle "CBM 174 Extra"]
[Source "ChessBase"]
[SourceDate "2016.10.10"]
[SourceVersion "1"]
[SourceVersionDate "2016.10.10"]
[SourceQuality "1"]

1. e4 e6 2. d4 d5 3. Nc3 Nf6 4. e5 Nfd7 5. f4 c5 6. Nf3 Nc6 7. Be3 cxd4 8. Nxd4 Bc5 9. Qd2 0-0 10. 0-0-0 a6 11. Qf2 Qe7 12. Bd3 Nxd4 13. Bxd4 b5 14. Kb1 b4 15. Na4 Bxd4 16. Qxd4 Bb7 17. f5 exf5 18. Rde1 Bc6 19. Nb6 Nxb6 20. Qxb6 Bd7 21. Rhf1 g6 22. h3 a5 23. Qd4 a4 24. g4 fxg4 25. hxg4 b3 26. Rh1 bxa2+ 27. Kxa2 Be6 28. Qf4 Rfb8 29. Ka1 Qc5 30. Rb1 Rb4 31. Qh6 Rab8 32. Qxh7+ Kf8 33. Qh8+ Ke7 34. Qf6+ Kd7 35. Rh7 a3 36. b3 Qc3+ 37. Ka2 Rxb3 38. Rxf7+ Bxf7 39. Qxf7+ Kc6 40. Qxg6+ Kc5 41. cxb3 Rh8 42. b4+ Kd4 43. Qb6+ Kxd3 44. Rb3 1-0

[Event "EU-ch U16 26th"]
[Site "Prague"]
[Date "2016.08.18"]
[Round "1"]
[White "Marosi, Levente"]
[Black "Slomczewski, Michal"]
[Result "1/2-1/2"]
[WhiteElo "2274"]
[BlackElo "1920"]
[PlyCount "76"]
[EventDate "2016.08.18"]
[EventType "swiss"]
[EventRounds "9"]
[EventCountry "CZE"]
[SourceTitle "CBM 174 Extra"]
[Source "ChessBase"]
[SourceDate "2016.10.10"]
[SourceVersion "1"]
[SourceVersionDate "2016.10.10"]
[SourceQuality "1"]

1. e4 c6 2. Nc3 d5 3. d4 dxe4 4. Nxe4 Nf6 5. Nxf6+ gxf6 6. c3 Bf5 7. Nf3 e6 8. Bf4 Bd6 9. Qd2 Qc7 10. Bxd6 Qxd6 11. Nh4 Bg6 12. Nxg6 hxg6 13. h4 Nd7 14. g3 0-0-0 15. Bg2 f5 16. 0-0-0 Nf6 17. Qe3 f4 18. Qf3 Rh5 19. g4 Rh7 20. h5 gxh5 21. gxh5 Rdh8 22. Rh4 Nxh5 23. Rdh1 Qd5 24. Qg4 Qa5 25. Bf3 Nf6 26. Qxf4 Rxh4 27. Rxh4 Rxh4 28. Qxh4 Qf5 29. Bd1 Nd5 30. Bc2 Qf4+ 31. Qxf4 Nxf4 32. Kd2 Kd7 33. Be4 Kd6 34. Ke3 Nd5+ 35. Bxd5 Kxd5 36. b3 c5 37. f4 cxd4+ 38. cxd4 f6 1/2-1/2

[Event "POL-ch U16"]
[Site "Szklarska Poreba"]
[Date "2016.03.19"]
[Round "8"]
[White "Choina, Michal"]
[Black "Slomczewski, Michal"]
[Result "1/2-1/2"]
[WhiteElo "1792"]
[BlackElo "1887"]
[PlyCount "75"]
[EventDate "2016.03.13"]
[EventType "swiss"]
[EventRounds "9"]
[EventCountry "POL"]
[SourceTitle "EXT 2018"]
[Source "ChessBase"]
[SourceDate "2017.10.13"]
[SourceVersion "1"]
[SourceVersionDate "2017.10.13"]
[SourceQuality "1"]

1. e4 c6 2. d4 d5 3. Nc3 dxe4 4. Nxe4 Nf6 5. Nxf6+ gxf6 6. Bc4 Bf5 7. Bf4 e6 8. Ne2 Nd7 9. Bd3 Bg6 10. h4 h5 11. Bxg6 fxg6 12. Qd3 Kf7 13. 0-0-0 Nb6 14. f3 Nd5 15. Bd2 b5 16. g4 Bd6 17. Rdg1 f5 18. gxh5 Rxh5 19. Bg5 Qc7 20. Kb1 Rah8 21. Rg2 Bf4 22. Nxf4 Nxf4 23. Bxf4 Qxf4 24. Rhg1 R8h6 25. Qc3 Qd6 26. Qa5 Qd7 27. Qe1 Qd8 28. c3 Rxh4 29. Qe5 Rh3 30. f4 Rh2 31. Rg3 Rf2 32. Qe3 Rhh2 33. Rxg6 Rxb2+ 34. Kc1 Rbc2+ 35. Kb1 Rb2+ 36. Kc1 Rbc2+ 37. Kb1 Rb2+ 38. Kc1 1/2-1/2

[Event "Polanica Zdroj op-D 49th"]
[Site "Polanica Zdroj"]
[Date "2013.08.18"]
[Round "2"]
[White "Slomczewski, Michal"]
[Black "Wisniewski, Szymon"]
[Result "0-1"]
[WhiteElo "1521"]
[BlackElo "1791"]
[PlyCount "54"]
[EventDate "2013.08.17"]
[EventType "swiss"]
[EventRounds "9"]
[EventCountry "POL"]
[SourceTitle "EXT 2014"]
[Source "ChessBase"]
[SourceDate "2013.11.20"]
[SourceVersion "1"]
[SourceVersionDate "2013.11.20"]
[SourceQuality "1"]

1. e4 c5 2. c3 d5 3. exd5 Qxd5 4. Nf3 Nc6 5. d4 e5 6. dxe5 Qxd1+ 7. Kxd1 Bg4 8. Bf4 0-0-0+ 9. Kc2 Bf5+ 10. Kc1 Nge7 11. Nbd2 Ng6 12. Bg3 f6 13. Nc4 Ngxe5 14. Nfxe5 Nxe5 15. Nxe5 fxe5 16. Bxe5 Re8 17. f4 Bd6 18. b3 Bxe5 19. fxe5 Rxe5 20. Kb2 Rd8 21. Ka3 Rd2 22. Rg1 Rc2 23. c4 Re6 24. Ka4 Rb6 25. b4 Rxb4+ 26. Ka5 b6+ 27. Ka6 Kb8 0-1

[Event "Polanica Zdroj op-D 49th"]
[Site "Polanica Zdroj"]
[Date "2013.08.17"]
[Round "1"]
[White "Krupa, Jerzy"]
[Black "Slomczewski, Michal"]
[Result "0-1"]
[WhiteElo "1844"]
[BlackElo "1521"]
[PlyCount "116"]
[EventDate "2013.08.17"]
[EventType "swiss"]
[EventRounds "9"]
[EventCountry "POL"]
[SourceTitle "EXT 2014"]
[Source "ChessBase"]
[SourceDate "2013.11.20"]
[SourceVersion "1"]
[SourceVersionDate "2013.11.20"]
[SourceQuality "1"]

1. Nf3 d5 2. d4 Bf5 3. g3 Nf6 4. Bg2 e6 5. 0-0 Be7 6. c4 0-0 7. Nc3 c6 8. c5 Nbd7 9. Bf4 Nh5 10. Bd2 b5 11. b4 a6 12. a4 Qc7 13. h3 Nhf6 14. Nh4 Ne4 15. Nxf5 exf5 16. Qc2 Nxd2 17. Qxd2 Nf6 18. Qc2 Ne4 19. e3 g6 20. Ne2 Bg5 21. Ra3 Ra7 22. Rfa1 Rfa8 23. Qa2 Qb7 24. h4 Bd8 25. a5 Qd7 26. Bf3 Bc7 27. Kg2 Kg7 28. Rh1 h5 29. Nf4 Bxf4 30. gxf4 Qe7 31. Qe2 Kh6 32. Kh3 Re8 33. Rg1 Raa8 34. Rg2 Qe6 35. Ra1 Re7 36. Rag1 Rae8 37. Kh2 Nf6 38. Rg5 Ng4+ 39. Kg3 f6 40. Bxg4 hxg4 41. f3 fxg5 42. hxg5+ Kg7 43. e4 dxe4 44. fxg4 fxg4 45. Rh1 Qb3+ 46. Kxg4 Qf3+ 47. Qxf3 exf3 48. Kxf3 Re3+ 49. Kg4 R3e4 50. d5 cxd5 51. Rd1 d4 52. c6 Rc8 53. Kf3 Re3+ 54. Kf2 Rxc6 55. Rxd4 Re7 56. Kg3 Rc4 57. Rd6 Re3+ 58. Kg4 Rcc3 0-1

[Event "POL Olympiad U14"]
[Site "Walbrzych"]
[Date "2013.??.??"]
[Round "3.20"]
[White "Fukowski, Pawel"]
[Black "Slomczewski, Michal"]
[Result "1-0"]
[WhiteElo "1641"]
[BlackElo "1541"]
[PlyCount "127"]
[EventDate "2013.04.??"]
[EventType "team-swiss"]
[EventRounds "9"]
[EventCountry "POL"]
[SourceTitle "EXT 2014"]
[Source "ChessBase"]
[SourceDate "2013.11.20"]
[SourceVersion "1"]
[SourceVersionDate "2013.11.20"]
[SourceQuality "1"]

1. d4 c5 2. d5 e6 3. c4 exd5 4. cxd5 d6 5. Nc3 g6 6. e4 Bg7 7. Bd3 Nd7 8. f4 a6 9. a4 Qc7 10. Qe2 Ne7 11. Nf3 0-0 12. 0-0 b6 13. Bd2 Bb7 14. Bc4 Rfe8 15. Rae1 Nf5 16. g4 Nd4 17. Qd3 Qc8 18. h3 Qd8 19. Kg2 Nxf3 20. Rxf3 Qh4 21. Rg3 Qf6 22. Be3 Qe7 23. Bf2 Nf8 24. g5 Qd7 25. Ra1 Qe7 26. Re3 Qd7 27. Kg3 Bc8 28. Kh2 h6 29. gxh6 Bxh6 30. Ne2 Bg7 31. Ra2 Nh7 32. Bh4 Qc7 33. b3 Nf6 34. Ng3 Nh7 35. Rg2 Qd7 36. Ne2 Rb8 37. Nc3 Bxc3 38. Qxc3 b5 39. axb5 axb5 40. Bd3 c4 41. Reg3 Nf8 42. bxc4 bxc4 43. Qxc4 Bb7 44. Qd4 Ra8 45. f5 Ra4 46. Qb2 Raxe4 47. Bxe4 Rxe4 48. fxg6 fxg6 49. Bf6 Kh7 50. Rg4 Bxd5 51. Rxe4 Bxe4 52. Rg4 Qf5 53. Qd4 Nd7 54. Bh8 Qf7 55. Rxe4 d5 56. Rf4 Qe7 57. Bf6 Qe6 58. Rh4+ Kg8 59. Rh8+ Kf7 60. Rh7+ Kg8 61. Rg7+ Kf8 62. Qb4+ Ke8 63. Re7+ Qxe7 64. Qxe7# 1-0

[Event "POL Olympiad U14"]
[Site "Walbrzych"]
[Date "2013.??.??"]
[Round "9.19"]
[White "Slomczewski, Michal"]
[Black "Adamczyk, Pawel"]
[Result "0-1"]
[WhiteElo "1541"]
[BlackElo "1645"]
[PlyCount "104"]
[EventDate "2013.04.??"]
[EventType "team-swiss"]
[EventRounds "9"]
[EventCountry "POL"]
[SourceTitle "EXT 2014"]
[Source "ChessBase"]
[SourceDate "2013.11.20"]
[SourceVersion "1"]
[SourceVersionDate "2013.11.20"]
[SourceQuality "1"]

1. e4 c5 2. f4 d5 3. exd5 Qxd5 4. Nc3 Qd8 5. Nf3 Nf6 6. h3 e6 7. Bb5+ Nbd7 8. d3 Be7 9. Be3 0-0 10. 0-0 a6 11. Bc4 b5 12. Bb3 Bb7 13. Nd2 Nb6 14. a4 Nfd5 15. Bxd5 Nxd5 16. Nxd5 Qxd5 17. Qf3 Qd7 18. Qg4 Qc6 19. Nf3 Rad8 20. Ne5 Qd6 21. axb5 axb5 22. Ra7 Qb6 23. Rfa1 f6 24. Nf3 Ra8 25. Rxa8 Rxa8 26. Rxa8+ Bxa8 27. Kh1 Qd6 28. b4 Bxf3 29. Qxf3 cxb4 30. g4 b3 31. cxb3 Qxd3 32. Qf2 Qxb3 33. f5 Qd5+ 34. Kg1 e5 35. Qc2 Qc4 36. Qd2 b4 37. Qd7 Kf7 38. Qb7 b3 39. g5 fxg5 40. Bxg5 Qc5+ 41. Kh1 b2 42. Qb3+ Ke8 43. Qb8+ Kd7 44. Qb7+ Qc7 45. Qd5+ Bd6 46. Qe6+ Kc6 47. Qc4+ Kb7 48. Qb5+ Qb6 49. Qd7+ Ka8 50. Qa4+ Qa7 51. Qe8+ Bb8 52. Qc6+ Qb7 0-1

[Event "POL Olympiad U14"]
[Site "Walbrzych"]
[Date "2013.??.??"]
[Round "4.22"]
[White "Slomczewski, Michal"]
[Black "Pytel, Przemyslaw"]
[Result "1/2-1/2"]
[WhiteElo "1541"]
[BlackElo "1389"]
[PlyCount "91"]
[EventDate "2013.04.??"]
[EventType "team-swiss"]
[EventRounds "9"]
[EventCountry "POL"]
[SourceTitle "EXT 2014"]
[Source "ChessBase"]
[SourceDate "2013.11.20"]
[SourceVersion "1"]
[SourceVersionDate "2013.11.20"]
[SourceQuality "1"]

1. e4 c5 2. f4 e6 3. Nf3 Nc6 4. d3 g6 5. g3 Bg7 6. Bg2 Nge7 7. Nbd2 d6 8. Nb3 0-0 9. c3 b6 10. 0-0 Ba6 11. Re1 d5 12. e5 Nf5 13. d4 cxd4 14. Nfxd4 Ncxd4 15. Nxd4 Nxd4 16. Qxd4 Rc8 17. b3 Qc7 18. Bb2 Rfd8 19. Qa4 Bb7 20. Rac1 Bf8 21. Kh1 Bc6 22. Qd4 Bc5 23. Qd3 Qb7 24. b4 Be7 25. Qd4 Bb5 26. g4 Qd7 27. f5 Rc4 28. Qf2 Rxg4 29. f6 Bf8 30. Ra1 d4 31. Qf3 Rxg2 32. Kxg2 Bc6 33. Re4 dxc3 34. Bxc3 Qd3 35. Rae1 Qxf3+ 36. Kxf3 Bh6 37. Kf2 Bxe4 38. Rxe4 Rc8 39. Be1 Rc2+ 40. Kg3 Rc1 41. b5 Bg5 42. h4 Bh6 43. Bb4 Bf8 44. Bd2 Rc2 45. Rd4 Rc8 46. Rd7 1/2-1/2